MANAGEMENT ACCOUNTING (Record no. 39208)

MARC details
000 -LEADER
fixed length control field 00246nam a2200109Ia 4500
008 - FIXED-LENGTH DATA ELEMENTS--GENERAL INFORMATION
fixed length control field 240625s9999 xx 000 0 und d
041 ## - LANGUAGE CODE
Language code of text/sound track or separate title eng
082 ## - DEWEY DECIMAL CLASSIFICATION NUMBER
Classification number 657 ATK
100 ## - MAIN ENTRY--PERSONAL NAME
Personal name ATKINSON ANTHONY A
245 ## - TITLE STATEMENT
Title MANAGEMENT ACCOUNTING
260 ## - PUBLICATION, DISTRIBUTION, ETC.
Date of publication, distribution, etc. 2009
Holdings
Withdrawn status Lost status Damaged status Not for loan Home library Current library Date acquired Source of acquisition Total Checkouts Full call number Barcode Date last seen Price effective from Koha item type
        IMTN IMTN 11/22/2017 32917   657 ATK BB1148 06/25/2024 06/25/2024 Book Bank
Designed & Maintained by: LRC IMT Nagpur Contact: lrc@imtnag.ac.in© 2024. All Rights Reserved.